When women kill /

Bibliographic Details
Main Author: Mann, Coramae Richey, 1931-
Format: Book
Language:English
Published: Albany : State University of New York Press, [1996]
Series:SUNY series in violence.
Subjects:

MARC

Tag First Indicator Second Indicator Subfields
LEADER 00000cam a2200000 a 4500
001 in00001275421
005 20151004062717.0
008 950330s1996 nyua b 001 0 eng
010 |a  95015374  
020 |a 0791428117 (hc) 
020 |a 0791428125 
035 |a (OCoLC)32348756  
035 |9 AGX7698AM 
040 |a DLC  |c DLC  |d TXA  |d UtOrBLW 
043 |a n-us--- 
049 |a TXAM 
050 0 0 |a HV6046  |b .M363 1996 
082 0 0 |a 364.1/523/082  |2 20 
100 1 |a Mann, Coramae Richey,  |d 1931- 
245 1 0 |a When women kill /  |c Coramae Richey Mann. 
264 1 |a Albany :  |b State University of New York Press,  |c [1996] 
264 4 |c ©1996 
300 |a xiii, 215 pages :  |b illustrations ;  |c 24 cm. 
336 |a text  |b txt  |2 rdacontent 
337 |a unmediated  |b n  |2 rdamedia 
338 |a volume  |b nc  |2 rdacarrier 
490 1 |a SUNY series in violence 
504 |a Includes bibliographical references (pages 193-205) and index. 
650 0 |a Women murderers  |z United States. 
830 0 |a SUNY series in violence. 
999 |a MARS 
999 f f |s 88e7eab0-fc66-3fd0-9909-3c4184a41fd4  |i 3e5192b0-6113-3826-8b21-e42a83733554  |t 0 
952 f f |p ric  |a Texas A&M University  |b Rellis Campus  |c Joint Library Facility  |d Remote Storage  |t 0  |e HV6046 .M363 1996  |h Library of Congress classification  |i unmediated -- volume  |m A14828878783 
998 f f |a HV6046 .M363 1996  |t 0  |l Remote Storage